000 00327nam a2200109Ia 4500
008 220204s9999 xx 000 0 und d
082 _a579:547.52
_bROC
100 _aRochkin-Dunisky, MelissaL
245 0 _aMicrobiological decomposition of chlorinated aromatic compounds
260 _aNew York
_bMarcel Dekker
_c1987
942 _cBK
999 _c41465
_d41465